000
00273 a2200109 4500
000
nam a22 7a 4500
005
20260220110305.0
100
_a
Kumar, Vikramendra
245
_a
Caste and Class Ideology in Contemporary India
260
_b
Rawat
_c
2025
942
_c
TEXL
999
_c
1680081
_d
1680081